000 01302nam a2200337 a 4500
001 ebr10671179
003 CaPaEBR
006 m u
007 cr cn|||||||||
008 100429s2010 nyuad sb 001 0 eng d
010 _z 2010015614
020 _z9781616684884 (hardcover)
020 _z9781613243664 (e-book)
040 _aCaPaEBR
_cCaPaEBR
035 _a(OCoLC)705944505
050 1 4 _aTJ1191.5
_b.M498 2010eb
082 0 4 _a620/.5
_222
245 0 0 _aMicro and nanomanufacturing research
_h[electronic resource] /
_cJ. Paulo Davim, editor.
260 _aNew York :
_bNova Science Publishers,
_cc2010.
300 _a200 p. :
_bill.
490 1 _aMaterials and manufacturing technology
504 _aIncludes bibliographical references and index.
533 _aElectronic reproduction.
_bPalo Alto, Calif. :
_cebrary,
_d2013.
_nAvailable via World Wide Web.
_nAccess may be limited to ebrary affiliated libraries.
650 0 _aMicromachining.
650 0 _aNanomanufacturing.
655 7 _aElectronic books.
_2local
700 1 _aDavim, J. Paulo.
710 2 _aebrary, Inc.
830 0 _aMaterials and manufacturing technology series.
856 4 0 _uhttp://site.ebrary.com/lib/rucke/Doc?id=10671179
_zAn electronic book accessible through the World Wide Web; click to view
999 _c162318
_d162318